[Event "POL-ch sf"]
[Site "Karpacz"]
[Date "2022.12.07"]
[Round "5"]
[White "Backiel, Hubert"]
[Black "Luba, Lukasz"]
[Result "1-0"]
[WhiteElo "2208"]
[BlackElo "2092"]
[PlyCount "105"]
[EventDate "2022.12.03"]
[EventType "swiss"]
[EventRounds "9"]
[EventCountry "POL"]
[SourceTitle "CBM 211 Extra"]
[Source "ChessBase"]
[SourceDate "2023.01.31"]
[SourceVersion "1"]
[SourceVersionDate "2023.01.31"]
[SourceQuality "1"]

1. e4 e6 2. d4 d5 3. Nc3 a6 4. Bd3 b5 5. Nf3 Nf6 6. exd5 exd5 7. 0-0 Be7 8. Re1 Nc6 9. Bg5 Be6 10. Bxf6 gxf6 11. Qd2 Kd7 12. Ne2 Bd6 13. a4 b4 14. Nf4 Qg8 15. Nh5 Be7 16. Qf4 Kc8 17. Nxf6 Qg7 18. Nh5 Qg4 19. Qxg4 Bxg4 20. Ne5 Bxh5 21. Nxc6 Bd6 22. Ne7+ Kb7 23. Nxd5 Bg6 24. Bxg6 hxg6 25. g3 Rh5 26. Nf6 Rh3 27. Re8 Rxe8 28. Nxe8 Be7 29. Re1 Bd8 30. d5 Rh5 31. d6 c6 32. Ng7 Rd5 33. Re7+ Kb6 34. Rd7 Bf6 35. Ne8 Bxb2 36. Rxf7 c5 37. Kg2 c4 38. Rc7 c3 39. d7 Bc1 40. Nf6 Rd6 41. Rc8 b3 42. cxb3 Bg5 43. Ne4 Rxd7 44. Nxg5 Rd3 45. Ne4 c2 46. Rxc2 Ka5 47. Nc5 Rd5 48. Rc4 g5 49. h4 gxh4 50. Rxh4 Kb6 51. Rc4 a5 52. g4 Rg5 53. Kg3 1-0

[Event "POL-ch sf"]
[Site "Karpacz"]
[Date "2022.12.05"]
[Round "3"]
[White "Ciszewski, Krzysztof"]
[Black "Luba, Lukasz"]
[Result "1-0"]
[WhiteElo "1974"]
[BlackElo "2092"]
[PlyCount "83"]
[EventDate "2022.12.03"]
[EventType "swiss"]
[EventRounds "9"]
[EventCountry "POL"]
[SourceTitle "CBM 211 Extra"]
[Source "ChessBase"]
[SourceDate "2023.01.31"]
[SourceVersion "1"]
[SourceVersionDate "2023.01.31"]
[SourceQuality "1"]

1. d4 d5 2. c4 e6 3. Nc3 c6 4. e4 Nf6 5. e5 Nfd7 6. Nf3 dxc4 7. Bxc4 b5 8. Bd3 Be7 9. 0-0 Bb7 10. Be3 Nb6 11. Ne4 N8d7 12. Bg5 f6 13. exf6 gxf6 14. Bh6 Nd5 15. Nfg5 Nf8 16. Qh5+ Kd7 17. Nf7 Qe8 18. Ng3 Rg8 19. Bd2 Ng6 20. Nh6 Rf8 21. Qf3 f5 22. Rfe1 f4 23. Nh5 Bf6 24. Nxf6+ Rxf6 25. Ng4 Rf8 26. Ne5+ Nxe5 27. Rxe5 Qf7 28. Rae1 Rae8 29. Rh5 Rg8 30. Rxh7 Rg7 31. Rxg7 Qxg7 32. Qh5 Qxd4 33. Qh7+ Re7 34. Qe4 Qxb2 35. Bxf4 Nxf4 36. Qxf4 Qxa2 37. Qb8 Qd2 38. Qxb7+ Kd6 39. Qb8+ Rc7 40. Qf8+ Re7 41. Re3 b4 42. Bf1 1-0

[Event "Krakow op-A 32nd"]
[Site "Krakow"]
[Date "2021.12.28"]
[Round "2"]
[White "Sernecki, Franciszek"]
[Black "Luba, Lukasz"]
[Result "1-0"]
[WhiteElo "2220"]
[BlackElo "2135"]
[PlyCount "85"]
[EventDate "2021.12.27"]
[EventType "swiss"]
[EventRounds "9"]
[EventCountry "POL"]
[SourceTitle "EXT 2023"]
[Source "ChessBase"]
[SourceDate "2022.10.05"]
[SourceVersion "1"]
[SourceVersionDate "2022.10.05"]
[SourceQuality "1"]

1. d4 d5 2. c4 c6 3. Nc3 Nf6 4. e3 g6 5. Nf3 Bg7 6. Be2 0-0 7. 0-0 b6 8. Qb3 Ba6 9. Bd2 Ne4 10. Rfd1 Nxd2 11. Rxd2 e6 12. cxd5 cxd5 13. Rc1 Bxe2 14. Nxe2 Nd7 15. Rdc2 g5 16. Qa4 a6 17. Rc6 h5 18. Rd6 b5 19. Qa3 a5 20. Qd3 Qe7 21. Rdc6 Rab8 22. Rc7 Rfd8 23. Ra7 g4 24. Nd2 Nc5 25. Qh7+ Kxh7 26. Rxe7 Nd3 27. Rcc7 Rf8 28. b3 Rbc8 29. Nc3 b4 30. Na4 e5 31. Nc5 Nxc5 32. dxc5 Rxc7 33. Rxc7 f5 34. Rd7 d4 35. exd4 exd4 36. c6 Kg6 37. c7 Rc8 38. Nc4 d3 39. Nb6 Re8 40. g3 f4 41. gxf4 h4 42. h3 Re1+ 43. Kg2 1-0

[Event "Krakow op-A 32nd"]
[Site "Krakow"]
[Date "2021.12.27"]
[Round "1"]
[White "Luba, Lukasz"]
[Black "Paszewski, Mateusz"]
[Result "0-1"]
[WhiteElo "2135"]
[BlackElo "2300"]
[PlyCount "64"]
[EventDate "2021.12.27"]
[EventType "swiss"]
[EventRounds "9"]
[EventCountry "POL"]
[SourceTitle "EXT 2023"]
[Source "ChessBase"]
[SourceDate "2022.10.05"]
[SourceVersion "1"]
[SourceVersionDate "2022.10.05"]
[SourceQuality "1"]

1. d4 d5 2. Nf3 Nf6 3. Nc3 c5 4. e3 Nc6 5. a3 cxd4 6. exd4 Bg4 7. Be2 e6 8. Be3 Bd6 9. Nd2 Bxe2 10. Qxe2 0-0 11. f4 Rc8 12. g4 Re8 13. h4 Na5 14. g5 Nd7 15. h5 Nb6 16. Nf3 Nbc4 17. Bc1 Bf8 18. Ne5 Nc6 19. Qd3 Nd6 20. Ne2 Nf5 21. c3 Bd6 22. Ng4 Re7 23. Ng1 Qc7 24. Nh3 Ncxd4 25. cxd4 Qxc1+ 26. Rxc1 Rxc1+ 27. Kd2 Rxh1 28. h6 Rc7 29. hxg7 Kxg7 30. Nh6 Rh2+ 31. Kd1 Rh1+ 32. Ke2 Rc2+ 0-1

[Event "Bydgoszcz PGNiG Blitz"]
[Site "Bydgoszcz"]
[Date "2021.09.19"]
[Round "8"]
[White "Kowalski, Igor"]
[Black "Luba, Lukasz"]
[Result "0-1"]
[WhiteElo "2378"]
[BlackElo "2143"]
[PlyCount "114"]
[EventDate "2021.09.19"]
[EventType "swiss (blitz)"]
[EventRounds "13"]
[EventCountry "POL"]
[SourceTitle "CBM 204 Extra"]
[Source "ChessBase"]
[SourceDate "2021.11.30"]
[SourceVersion "1"]
[SourceVersionDate "2021.11.30"]
[SourceQuality "1"]

1. d4 e6 2. Nf3 d5 3. e3 c5 4. b3 Nc6 5. Bb2 b6 6. Nbd2 Nf6 7. Bd3 Bd6 8. Ne5 Bd7 9. a3 0-0 10. 0-0 Be8 11. f4 Rc8 12. Rf3 cxd4 13. exd4 Be7 14. Rh3 g6 15. Qe2 Kg7 16. Rf1 Ng8 17. g4 f6 18. Nxc6 Rxc6 19. f5 exf5 20. gxf5 g5 21. Re1 Bd6 22. c4 Bf7 23. cxd5 Rc7 24. Bc4 Re7 25. Qf2 Nh6 26. Rxe7 Qxe7 27. Re3 Qc7 28. h3 Bf4 29. Rc3 Nxf5 30. Nf3 Re8 31. Bb5 Qxc3 32. Bxc3 Be3 33. Bxe8 Bxe8 34. Nd2 Bd7 35. Nc4 Bxf2+ 36. Kxf2 Ne7 37. Ne3 Bxh3 38. Bb4 Nf5 39. Nc2 Kf7 40. a4 h5 41. d6 Ke6 42. d5+ Kd7 43. Bc3 Nxd6 44. Kf3 Bg4+ 45. Ke3 Nf5+ 46. Ke4 Nd6+ 47. Ke3 f5 48. Bf6 f4+ 49. Kd4 Nf7 50. Nb4 h4 51. Nd3 h3 52. Nf2 h2 53. Ke4 Nd6+ 54. Ke5 Bf3 55. Bxg5 Nf7+ 56. Kxf4 Nxg5 57. Kxg5 h1Q 0-1

[Event "POL-chT 2nd League"]
[Site "Sypniewo"]
[Date "2021.09.08"]
[Round "5.11"]
[White "Celinski, Kamil"]
[Black "Luba, Lukasz"]
[Result "0-1"]
[WhiteElo "2025"]
[BlackElo "2143"]
[PlyCount "102"]
[EventDate "2021.09.04"]
[EventType "team-swiss"]
[EventRounds "9"]
[EventCountry "POL"]
[SourceTitle "CBM 204 Extra"]
[Source "ChessBase"]
[SourceDate "2021.11.30"]
[SourceVersion "1"]
[SourceVersionDate "2021.11.30"]
[SourceQuality "1"]
[WhiteTeam "Warszawa Zugzwang"]
[BlackTeam "Radkow Giecek"]
[WhiteTeamCountry "POL"]
[BlackTeamCountry "POL"]

1. e4 e6 2. d4 d5 3. Nc3 Nf6 4. e5 Nfd7 5. f4 c5 6. Nf3 Nc6 7. Be3 g6 8. Be2 a6 9. Qd2 b5 10. 0-0 Qb6 11. Nd1 cxd4 12. Nxd4 Nxd4 13. Bxd4 Bc5 14. c3 Nb8 15. Kh1 Bxd4 16. cxd4 Nc6 17. Nc3 Qxd4 18. Qe1 0-0 19. Rd1 Qa7 20. Qg3 Kh8 21. Bf3 f6 22. Rfe1 fxe5 23. fxe5 Qg7 24. Bg4 Qf7 25. Qh3 Nxe5 26. Be2 Bd7 27. Qe3 Qg7 28. a3 Rf7 29. h3 Nc6 30. Qb6 Ne7 31. Bg4 Nf5 32. Qb7 Qf8 33. Ne4 Rd8 34. Ng5 Re7 35. Qxa6 Qf6 36. Nf3 Ng3+ 37. Kg1 h5 38. Bxh5 gxh5 39. Rxd5 Rg8 40. Ne5 Bc8 41. Qb6 Rb7 42. Qc6 Rbg7 43. Rxb5 Nf5 44. Rb3 Nd4 45. Qe4 Nxb3 46. g4 Bb7 47. Qe3 hxg4 48. hxg4 Rxg4+ 49. Kh2 Qh4+ 50. Qh3 Rg2+ 51. Kh1 Qxh3# 0-1

[Event "POL-chT 2nd League"]
[Site "Poronin"]
[Date "2020.09.12"]
[Round "8.17"]
[White "Steczek, Marcin"]
[Black "Luba, Lukasz"]
[Result "1/2-1/2"]
[WhiteElo "2359"]
[BlackElo "2212"]
[PlyCount "119"]
[EventDate "2020.09.05"]
[EventType "team-swiss"]
[EventRounds "9"]
[EventCountry "POL"]
[SourceTitle "CBM 198 Extra"]
[Source "ChessBase"]
[SourceDate "2020.11.30"]
[SourceVersion "1"]
[SourceVersionDate "2020.11.30"]
[SourceQuality "1"]
[WhiteTeam "Konin Hetman"]
[BlackTeam "Radkow Giecek"]
[WhiteTeamCountry "POL"]
[BlackTeamCountry "POL"]

1. Nf3 d5 2. b3 Bf5 3. Bb2 e6 4. d3 Nf6 5. Nbd2 Nbd7 6. g3 Bc5 7. Bg2 c6 8. 0-0 h5 9. e4 dxe4 10. dxe4 Nxe4 11. Nxe4 Bxe4 12. Bxg7 Rg8 13. Bb2 h4 14. Qe2 Bxf3 15. Qxf3 hxg3 16. hxg3 Qc7 17. b4 Bxb4 18. Rad1 Bc5 19. Bd4 Rd8 20. Rfe1 Bxd4 21. Rxd4 Nf8 22. Qe3 Rxd4 23. Qxd4 Rg5 24. Qxa7 Ra5 25. Bxc6+ Ke7 26. Qxb7 Qxb7 27. Bxb7 Rxa2 28. Be4 Nd7 29. Bd3 Nc5 30. Bh7 f6 31. Kf1 Kf7 32. Bd3 Nxd3 33. cxd3 e5 34. Rd1 Kg6 35. Ke1 Kg5 36. Rd2 Ra1+ 37. Ke2 Kg4 38. Rc2 f5 39. Rd2 Ra4 40. Ke3 Rb4 41. Ra2 Rb3 42. Ke2 Rb4 43. Rc2 e4 44. dxe4 Rxe4+ 45. Kf1 f4 46. Rc3 Ra4 47. Kg2 fxg3 48. Rxg3+ Kf4 49. Rh3 Ra2 50. Rh4+ Kg5 51. Rb4 Kf5 52. Kg3 Ra8 53. Rb5+ Kf6 54. Kg4 Ra4+ 55. f4 Ra6 56. Rh5 Kg6 57. f5+ Kg7 58. Rh1 Ra2 59. Rb1 Rg2+ 60. Kf4 1/2-1/2

[Event "POL-chT 2nd League"]
[Site "Poronin"]
[Date "2020.09.08"]
[Round "4.19"]
[White "Luba, Lukasz"]
[Black "Bilczewski, Kacper"]
[Result "0-1"]
[WhiteElo "2212"]
[BlackElo "2101"]
[PlyCount "66"]
[EventDate "2020.09.05"]
[EventType "team-swiss"]
[EventRounds "9"]
[EventCountry "POL"]
[SourceTitle "CBM 198 Extra"]
[Source "ChessBase"]
[SourceDate "2020.11.30"]
[SourceVersion "1"]
[SourceVersionDate "2020.11.30"]
[SourceQuality "1"]
[WhiteTeam "Radkow Giecek"]
[BlackTeam "Rydultowy Ognisko"]
[WhiteTeamCountry "POL"]
[BlackTeamCountry "POL"]

1. Nf3 f5 2. d4 Nf6 3. c4 g6 4. Nc3 Bg7 5. Bf4 0-0 6. e3 d6 7. Be2 e6 8. Qb3 Qe7 9. 0-0 h6 10. Bg3 Kh7 11. Rac1 Nc6 12. Rfd1 Nh5 13. d5 Nd8 14. Ne1 Nxg3 15. hxg3 e5 16. e4 b6 17. Qc2 Nf7 18. Nf3 Ng5 19. Nxg5+ Qxg5 20. Qa4 Qd8 21. b4 Bd7 22. Qa6 Qc8 23. c5 Qxa6 24. Bxa6 bxc5 25. bxc5 dxc5 26. Nb5 fxe4 27. Rxc5 Rf6 28. Rxc7 Bg4 29. Bb7 Raf8 30. Re1 Rxf2 31. d6 e3 32. Rxe3 Rf1+ 33. Kh2 R8f5 0-1

[Event "Rubinstein Memorial 56th"]
[Site "Polanica Zdroj"]
[Date "2020.08.23"]
[Round "9"]
[White "Pultinevicius, Paulius"]
[Black "Luba, Lukasz"]
[Result "1-0"]
[WhiteElo "2519"]
[BlackElo "2188"]
[PlyCount "63"]
[EventDate "2020.08.15"]
[EventType "swiss"]
[EventRounds "9"]
[EventCountry "POL"]
[SourceTitle "CBM 197 Extra"]
[Source "ChessBase"]
[SourceDate "2020.09.30"]
[SourceVersion "1"]
[SourceVersionDate "2020.09.30"]
[SourceQuality "1"]

1. Nf3 Nf6 2. c4 g6 3. d4 Bg7 4. g3 c6 5. Bg2 d5 6. Qb3 Qb6 7. Nc3 Nbd7 8. 0-0 Qxb3 9. axb3 Nb6 10. c5 Nbd7 11. b4 Ne4 12. Rd1 f5 13. Bf4 0-0 14. Bc7 Re8 15. b5 Nf8 16. bxc6 bxc6 17. e3 Bb7 18. Ra5 Ne6 19. Be5 Bf6 20. Rda1 g5 21. Bf1 g4 22. Bxf6 gxf3 23. Nxe4 fxe4 24. Be5 a6 25. b4 Kf7 26. h4 Rg8 27. Bxa6 Ra7 28. Bf1 Rxa5 29. bxa5 Nf8 30. Rb1 Ba8 31. Bh3 e6 32. Rb8 1-0

[Event "Rubinstein Memorial 56th"]
[Site "Polanica Zdroj"]
[Date "2020.08.21"]
[Round "7"]
[White "Fiedorek, Michal"]
[Black "Luba, Lukasz"]
[Result "0-1"]
[WhiteElo "2212"]
[BlackElo "2188"]
[PlyCount "86"]
[EventDate "2020.08.15"]
[EventType "swiss"]
[EventRounds "9"]
[EventCountry "POL"]
[SourceTitle "CBM 197 Extra"]
[Source "ChessBase"]
[SourceDate "2020.09.30"]
[SourceVersion "1"]
[SourceVersionDate "2020.09.30"]
[SourceQuality "1"]

1. e4 d6 2. d4 Nd7 3. Nc3 a6 4. a4 e6 5. Be3 Ngf6 6. Be2 d5 7. e5 Ng8 8. f4 Ne7 9. Nf3 c5 10. Qd2 h5 11. Bf2 c4 12. Ng5 Nf5 13. Bf3 Bb4 14. 0-0 Qa5 15. Qd1 Bxc3 16. bxc3 g6 17. Qc1 Nb6 18. Qa3 Bd7 19. Rfb1 Bc6 20. Rb4 Nxa4 21. Rxa4 Qxa4 22. Qxa4 Bxa4 23. Rxa4 a5 24. Kf1 Ke7 25. Bd1 b5 26. Ra1 b4 27. cxb4 axb4 28. Rxa8 Rxa8 29. Nf3 Ra1 30. Ke2 Ra2 31. Kf1 Kd7 32. g3 Kc6 33. h3 Kb5 34. g4 hxg4 35. hxg4 Nh6 36. Ne1 Ra1 37. Be2 Ka4 38. Kg2 Ka3 39. Kg3 Kb2 40. Kh4 Kc3 41. Kg5 Ng8 42. f5 Kd2 43. fxe6 fxe6 0-1

[Event "Rubinstein Memorial 56th"]
[Site "Polanica Zdroj"]
[Date "2020.08.16"]
[Round "2"]
[White "Luba, Lukasz"]
[Black "Butkiewicz, Lukasz"]
[Result "1/2-1/2"]
[WhiteElo "2188"]
[BlackElo "2400"]
[PlyCount "80"]
[EventDate "2020.08.15"]
[EventType "swiss"]
[EventRounds "9"]
[EventCountry "POL"]
[SourceTitle "CBM 197 Extra"]
[Source "ChessBase"]
[SourceDate "2020.09.30"]
[SourceVersion "1"]
[SourceVersionDate "2020.09.30"]
[SourceQuality "1"]

1. d4 Nf6 2. Nf3 b6 3. c4 Bb7 4. Nc3 e6 5. Bg5 Bb4 6. Qc2 h6 7. Bh4 g5 8. Bg3 Ne4 9. a3 Bxc3+ 10. bxc3 d6 11. e3 Nd7 12. Nd2 f5 13. f3 Nxd2 14. Kxd2 Qf6 15. Bd3 0-0-0 16. e4 f4 17. Bf2 e5 18. Rhb1 c5 19. a4 a5 20. Ra3 Ba6 21. Rab3 Kc7 22. Qb2 Rb8 23. Be2 Qf7 24. d5 h5 25. h3 Qe7 26. Kc2 Qh7 27. Bd3 g4 28. Qc1 gxf3 29. gxf3 Rhg8 30. Bf1 h4 31. Kb2 Qh5 32. Qd1 Nf6 33. Ka3 Nh7 34. Be2 Ng5 35. Qf1 Rgd8 36. R1b2 Rb7 37. Qb1 Rdb8 38. Qg1 Rh8 39. Qb1 Rhb8 40. Qg1 Rh8 1/2-1/2

[Event "Rubinstein Memorial 56th"]
[Site "Polanica Zdroj"]
[Date "2020.08.15"]
[Round "1"]
[White "Kazmierowski, Tymon"]
[Black "Luba, Lukasz"]
[Result "0-1"]
[WhiteElo "1870"]
[BlackElo "2188"]
[PlyCount "96"]
[EventDate "2020.08.15"]
[EventType "swiss"]
[EventRounds "9"]
[EventCountry "POL"]
[SourceTitle "CBM 197 Extra"]
[Source "ChessBase"]
[SourceDate "2020.09.30"]
[SourceVersion "1"]
[SourceVersionDate "2020.09.30"]
[SourceQuality "1"]

1. d4 d5 2. c4 c6 3. cxd5 cxd5 4. Bf4 Nc6 5. e3 Qb6 6. Nc3 e6 7. Bd3 Bd7 8. Nge2 Nf6 9. 0-0 Nh5 10. Qd2 Nxf4 11. Nxf4 Bd6 12. Nh5 0-0-0 13. a3 Rdg8 14. b4 Qd8 15. Rac1 Kb8 16. Be2 g6 17. Ng3 f5 18. Nb5 Be7 19. f4 h5 20. Bd3 Qb6 21. Ne2 Nxb4 22. a4 Nxd3 23. Qxd3 Bxb5 24. axb5 Rc8 25. Nc3 Rc4 26. Ra1 Rhc8 27. Na4 Qxb5 28. Nc5 R4xc5 29. Qa3 Qb6 30. dxc5 Bxc5 31. Qa4 Bxe3+ 32. Kh1 Qc6 33. Qa3 Qc5 34. Qa4 d4 35. Rfb1 d3 36. Qa6 Qd5 37. Ra5 d2 38. Rxd5 Rc1+ 39. Qf1 exd5 40. g3 Rxf1+ 41. Rxf1 b5 42. Kg2 b4 43. Rd1 Kb7 44. Kf3 d4 45. Ke2 Kb6 46. Kd3 Kb5 47. Kc2 a5 48. Ra1 a4 0-1

[Event "Krakow op-A 30th"]
[Site "Krakow"]
[Date "2019.12.29"]
[Round "3"]
[White "Sabuk, Piotr"]
[Black "Luba, Lukasz"]
[Result "1-0"]
[WhiteElo "2354"]
[BlackElo "2173"]
[PlyCount "97"]
[EventDate "2019.12.27"]
[EventType "swiss"]
[EventRounds "9"]
[EventCountry "POL"]
[SourceTitle "CBM 194 Extra"]
[Source "ChessBase"]
[SourceDate "2020.03.31"]
[SourceVersion "1"]
[SourceVersionDate "2020.03.31"]
[SourceQuality "1"]

1. d4 d5 2. c4 e6 3. Nf3 Nf6 4. g3 c6 5. Bg2 Bb4+ 6. Nbd2 Ne4 7. 0-0 f5 8. Ne5 Bxd2 9. Bxd2 Nxd2 10. Qxd2 Nd7 11. Qe3 Nxe5 12. Qxe5 0-0 13. b4 Qf6 14. Qxf6 Rxf6 15. Rfc1 b5 16. cxd5 cxd5 17. Rc5 Kf8 18. Rxb5 Ba6 19. Ra5 Bxe2 20. Rc1 g5 21. Rc7 f4 22. Rxh7 Kg8 23. Rc7 f3 24. Bf1 Rf7 25. Rc3 Rb8 26. a3 Bxf1 27. Kxf1 Rb6 28. h3 Kg7 29. Ke1 Kg6 30. Kd2 g4 31. h4 Kf5 32. Re3 Kf6 33. Rc5 Rg7 34. Kc2 Rgb7 35. Kb3 Rd6 36. Re5 Rg7 37. Rc8 a5 38. b5 Rb6 39. a4 Rd6 40. Rf8+ Ke7 41. Rf4 Rd8 42. Rg5 Rxg5 43. hxg5 e5 44. dxe5 d4 45. Kc2 Rc8+ 46. Kd2 Rc4 47. g6 Rxa4 48. g7 Ra2+ 49. Kd3 1-0

[Event "Krakow op-A 30th"]
[Site "Krakow"]
[Date "2019.12.28"]
[Round "2"]
[White "Luba, Lukasz"]
[Black "Belous, Mikhail"]
[Result "1/2-1/2"]
[WhiteElo "2173"]
[BlackElo "2349"]
[PlyCount "74"]
[EventDate "2019.12.27"]
[EventType "swiss"]
[EventRounds "9"]
[EventCountry "POL"]
[SourceTitle "CBM 194 Extra"]
[Source "ChessBase"]
[SourceDate "2020.03.31"]
[SourceVersion "1"]
[SourceVersionDate "2020.03.31"]
[SourceQuality "1"]

1. Nf3 Nf6 2. g3 g6 3. Bg2 Bg7 4. 0-0 0-0 5. d4 d6 6. Nc3 Nbd7 7. Bg5 h6 8. Bxf6 Nxf6 9. e4 Nd7 10. Qd2 e5 11. dxe5 Nxe5 12. Nxe5 dxe5 13. Qxd8 Rxd8 14. Nd5 Rd7 15. Rfd1 c6 16. Ne3 Rd4 17. c3 Rxd1+ 18. Rxd1 Be6 19. Bf1 b5 20. c4 a6 21. a4 bxa4 22. Ra1 Bf8 23. Rxa4 a5 24. Nc2 Rb8 25. Rxa5 Rxb2 26. Ne3 Bb4 27. Ra8+ Kg7 28. Rb8 Bc3 29. Rxb2 Bxb2 30. Bd3 Kf8 31. Kf1 Ke7 32. f4 Kd6 33. f5 Bc8 34. Ke2 Bc1 35. c5+ Kxc5 36. Nc4 Kd4 37. Na5 Bb2 1/2-1/2

[Event "Rubinstein Memorial-A 55th"]
[Site "Polanica Zdroj"]
[Date "2019.08.22"]
[Round "6"]
[White "Luba, Lukasz"]
[Black "Lewtak, Damian"]
[Result "0-1"]
[WhiteElo "2130"]
[BlackElo "2354"]
[PlyCount "68"]
[EventDate "2019.08.17"]
[EventType "swiss"]
[EventRounds "9"]
[EventCountry "POL"]
[SourceTitle "EXT 2020"]
[Source "ChessBase"]
[SourceDate "2019.10.17"]
[SourceVersion "1"]
[SourceVersionDate "2019.10.17"]
[SourceQuality "1"]

1. d4 Nf6 2. e3 d6 3. Nf3 g6 4. Bb5+ Nbd7 5. Bc4 e6 6. c3 Bg7 7. Nbd2 0-0 8. h3 Qe7 9. g4 d5 10. Bb3 c6 11. Ne5 Nxe5 12. dxe5 Nd7 13. f4 f6 14. exf6 Nxf6 15. Qe2 e5 16. f5 gxf5 17. g5 Ne4 18. Rg1 Nxg5 19. Qh5 Ne4 20. Nf3 Bd7 21. Ng5 Nxg5 22. Qxg5 Qxg5 23. Rxg5 Be6 24. Ke2 Rf6 25. Bd2 Rg6 26. h4 Bf6 27. Rxg6+ hxg6 28. Rg1 Kf7 29. e4 dxe4 30. Bxe6+ Kxe6 31. Rxg6 f4 32. Be1 Rh8 33. c4 Kf5 34. Rg1 Bxh4 0-1

[Event "Rubinstein Memorial-A 55th"]
[Site "Polanica Zdroj"]
[Date "2019.08.21"]
[Round "5"]
[White "Psyk, Radoslaw"]
[Black "Luba, Lukasz"]
[Result "0-1"]
[WhiteElo "2326"]
[BlackElo "2130"]
[PlyCount "120"]
[EventDate "2019.08.17"]
[EventType "swiss"]
[EventRounds "9"]
[EventCountry "POL"]
[SourceTitle "EXT 2020"]
[Source "ChessBase"]
[SourceDate "2019.10.17"]
[SourceVersion "1"]
[SourceVersionDate "2019.10.17"]
[SourceQuality "1"]

1. e4 d6 2. d4 g6 3. Nc3 Bg7 4. Be3 Nf6 5. Qd2 Nc6 6. d5 Ne5 7. h3 h5 8. f4 Ned7 9. Nf3 Nc5 10. Bxc5 dxc5 11. e5 Ng8 12. e6 fxe6 13. Bd3 Rh6 14. 0-0-0 exd5 15. Nxd5 Qd6 16. Qa5 b6 17. Bb5+ Kf8 18. Qa4 Bb7 19. Ng5 Bxd5 20. Rxd5 Qxd5 21. Bc6 Qd6 22. Bxa8 Bd4 23. Kb1 b5 24. Qb3 c4 25. Qxb5 Qb6 26. Bd5 Qxb5 27. Ne6+ Kf7 28. Nxc7+ Qxd5 29. Nxd5 Nf6 30. Rd1 Bc5 31. Nxf6 exf6 32. Rd7+ Ke6 33. Rc7 Kd6 34. Rg7 Be3 35. b3 c3 36. b4 h4 37. a4 Kd5 38. Rc7 Bd4 39. Ka2 Ke4 40. Kb3 Kxf4 41. Kc4 Bb6 42. Rf7 g5 43. a5 Bf2 44. Kxc3 Kg3 45. Kd3 Kxg2 46. c4 g4 47. Rg7 Kxh3 48. c5 Rh8 49. Rxa7 Rg8 50. Kc4 g3 51. Rd7 g2 52. Rd1 g1Q 53. Rxg1 Rxg1 54. c6 Rc1+ 55. Kd5 Be1 56. a6 Bf2 57. Kd6 Bb6 58. Kd7 Kg4 59. b5 h3 60. Kc8 h2 0-1

[Event "Suwalki Warakomska Memorial op 3rd"]
[Site "Suwalki"]
[Date "2019.08.09"]
[Round "6"]
[White "Antolak, Julia"]
[Black "Luba, Lukasz"]
[Result "1/2-1/2"]
[WhiteElo "2240"]
[BlackElo "2130"]
[PlyCount "133"]
[EventDate "2019.08.05"]
[EventType "swiss"]
[EventRounds "9"]
[EventCountry "POL"]
[SourceTitle "CBM 191 Extra"]
[Source "ChessBase"]
[SourceDate "2019.09.30"]
[SourceVersion "1"]
[SourceVersionDate "2019.09.30"]
[SourceQuality "1"]

1. e4 e5 2. Nf3 d6 3. d4 exd4 4. Qxd4 Nf6 5. Nc3 Nc6 6. Qe3 Be7 7. Bd2 0-0 8. 0-0-0 Re8 9. Bc4 Ne5 10. Nxe5 dxe5 11. Qg3 Nd7 12. f4 Bh4 13. Qf3 c6 14. Rhf1 Qe7 15. g4 exf4 16. Bxf4 Bg5 17. Bxg5 Qxg5+ 18. Kb1 Nf6 19. h3 Be6 20. Bxe6 Rxe6 21. Rd3 Rae8 22. Rfd1 h5 23. gxh5 Nxe4 24. Nxe4 Rxe4 25. Rd7 R4e7 26. a3 Kh7 27. Qd3+ Kh6 28. Rd4 Qxh5 29. Qc4 Re4 30. Rg1 Qf5 31. Qc3 Qf2 32. Rdd1 f6 33. Ka2 Qf5 34. Qg3 g5 35. Rgf1 Qg6 36. Rd7 R4e7 37. Rxe7 Rxe7 38. h4 g4 39. Qf4+ Kh5 40. Qd6 Qf7+ 41. b3 Qe6 42. Qd4 Qe5 43. Qd8 f5 44. Qf8 Kxh4 45. Rxf5 Qg7 46. Qd8 Qh7 47. Rf2 Kg3 48. Qd2 Qe4 49. Rf1 Qe3 50. Qd6+ Kg2 51. Rd1 Qf3 52. Qd4 g3 53. Qg1+ Kh3 54. Rd3 Qg2 55. Qc5 Re5 56. Qc3 Kh2 57. Rd2 Re2 58. Qh8+ Kg1 59. Rd1+ Qf1 60. Qd4+ Rf2 61. Rxf1+ Kxf1 62. Qd3+ Kg2 63. Qe4+ Kf1 64. Qh1+ Ke2 65. Qe4+ Kf1 66. Qh1+ Ke2 67. Qe4+ 1/2-1/2

[Event "Baltic Pearl op 15th"]
[Site "Lazy"]
[Date "2019.06.29"]
[Round "7"]
[White "Luba, Lukasz"]
[Black "Zabron, Maksym"]
[Result "1/2-1/2"]
[WhiteElo "2177"]
[BlackElo "1804"]
[PlyCount "93"]
[EventDate "2019.06.23"]
[EventType "swiss"]
[EventRounds "9"]
[EventCountry "POL"]
[SourceTitle "CBM 191 Extra"]
[Source "ChessBase"]
[SourceDate "2019.09.30"]
[SourceVersion "1"]
[SourceVersionDate "2019.09.30"]
[SourceQuality "1"]

1. d4 Nf6 2. h3 c5 3. d5 d6 4. c4 b5 5. cxb5 a6 6. e3 Nbd7 7. Nc3 g6 8. g4 h6 9. e4 Bg7 10. Be3 axb5 11. Bxb5 Qa5 12. f3 0-0 13. Qd2 Kh7 14. h4 h5 15. g5 Nxe4 16. fxe4 Bxc3 17. bxc3 Qxb5 18. Nf3 Ba6 19. Kf2 Rab8 20. Bf4 Rb6 21. Kg3 Rfb8 22. e5 Qc4 23. exd6 Rb2 24. Qxb2 Rxb2 25. dxe7 Qe4 26. Rae1 Be2 27. Rhf1 Qxe7 28. Nd2 Rxd2 29. Bxd2 Qe4 30. Rxf7+ Kg8 31. Rf2 Qg4+ 32. Kh2 Ne5 33. Rexe2 Nf3+ 34. Rxf3 Qxf3 35. Rg2 Qxd5 36. a3 Qe4 37. Kh3 Qa4 38. Be1 Qd1 39. Rg1 Qf3+ 40. Kh2 Kf7 41. a4 Qf4+ 42. Kg2 Qxa4 43. Rf1+ Ke6 44. Rf6+ Kd7 45. Kf3 Qd1+ 46. Kf2 Qd3 47. Kg1 1/2-1/2